| 000 | 00444nam a22001697a 4500 | ||
|---|---|---|---|
| 003 | OSt | ||
| 008 | 260425b |||||||| |||| 00| 0 eng d | ||
| 082 |
_a635.646 _bS48G |
||
| 100 | _aSingh, Vijay kumar | ||
| 245 | _aGenetic Variability in Brinjal (Solanum melongena L.) | ||
| 260 |
_aPusa, Samastipur _bRAU _c1987 |
||
| 300 | _a68P. | ||
| 502 |
_bMsc. _d1987 |
||
| 650 | _aVegetable & Floriculture | ||
| 650 | _aHorticulture | ||
| 942 |
_2ddc _cT |
||
| 999 |
_c50192 _d50192 |
||